书目信息 |
| 题名: |
女游击队长
|
|
| 作者: | 李英儒 著 | |
| 分册: | 下 | |
| 出版信息: | 北京 解放军文艺出版社 1979 |
|
| 页数: | 527-972页 | |
| 开本: | 19cm | |
| 丛书名: | ||
| 单 册: | ||
| 中图分类: | I247.52 , I247.4 | |
| 科图分类: | ||
| 主题词: | 长篇小说--中国--现代 | |
| 电子资源: | ||
| ISBN: | ||
| 000 | 00612nam0 2200229 450 | |
| 001 | 1537178816 | |
| 005 | 20150127140509.14 | |
| 010 | @dCNY2.45 | |
| 091 | @a10137.11 | |
| 100 | @a19950720d1979 em y0chiy0110 ea | |
| 101 | 0 | @achi |
| 102 | @aCN@b110000 | |
| 105 | @ay z 000ay | |
| 200 | 1 | @a女游击队长@9nv you ji dui zhang@h下@f李英儒著 |
| 210 | @a北京@c解放军文艺出版社@d1979 | |
| 215 | @a527-972页@d19cm | |
| 606 | 0 | @a长篇小说@y中国@z现代 |
| 690 | @aI247.52@v5 | |
| 690 | @aI247.4@v4 | |
| 701 | 0 | @a李英儒@9li ying ru@f(1914~1989)@4著 |
| 801 | 0 | @aCN@bTSSF@c20150127 |
| 905 | @aZUCC@dI247.4@eJY131:2 | |
| 女游击队长.下/李英儒著.-北京:解放军文艺出版社,1979 |
| 527-972页;19cm |
| ISBN :CNY2.45 |
| ● |
| 相关链接 |
|
|
|
|
正题名:女游击队长
索取号:I247.4/JY131:2
 
预约/预借
| 序号 | 登录号 | 条形码 | 馆藏地/架位号 | 状态 | 备注 |
| 1 | 7839063 | 278390634 | 学院路分馆/ [索取号:I247.4/JY131:2] | 在馆 | |
| 2 | 7839064 | 278390643 | 学院路分馆/ [索取号:I247.4/JY131:2] | 在馆 | |
| 3 | 7854106 | 278541062 | 学院路分馆/ [索取号:I247.4/JY131:2] | 在馆 | |
| 4 | 7854107 | 278541071 | 学院路分馆/ [索取号:I247.4/JY131:2] | 在馆 |